000 00607nam a2200193Ia 4500
008 151119s9999||||xx |||||||||||||| ||und||
082 _a804
082 _bGKKV12591
100 _aजाधव रा ग
245 _aसाहित्य व सामाजिक संदर्भ
260 _a--
260 _b--
260 _c1975
600 _aजाधव रा ग
630 _aसाहित्य व सामाजिक संदर्भ
700 _aजाधव रा ग
730 _aसाहित्य व सामाजिक संदर्भ
942 _cBOOK
999 _c1066427
_d1066424